De cómo Nueva York robó la idea de arte moderno

Sparad:
Bibliografiska uppgifter
Huvudupphovsman: Guilbaut, Serge (Författare, medförfattare)
Materialtyp: Bok
Språk:spanska
Publicerad: Valencia Tirant Lo Blanch 2007
Serie:Prosopopeya
Ämnen:
Taggar: Lägg till en tagg
Inga taggar, Lägg till första taggen!

MARC

LEADER 00000nam a2200000 a 4500
001 UCH0415
003 CL-VaPUC
008 090312e20070000SP |||||||||||||||||spa|d
020 |a 9788484569640 
082 0 4 |a 724.6  |b GUI  |2 21 
100 |a Guilbaut, Serge  |e author  |9 559296 
245 1 0 |a De cómo Nueva York robó la idea de arte moderno 
300 |a 397 p 
942 |c BK 
945 |d 20090312 00:00:00  |a rbrito 
260 |a Valencia  |b Tirant Lo Blanch  |c 2007 
650 0 |a Arquitectura  |9 804558 
650 0 |a Arte moderno  |9 265333 
650 0 |a Modernidad   |9 265371 
651 7 |a NUEVA YORK  |2 CL-VaPUC  |9 347506 
583 |a last modification  |c 20130105 01:34:42  |k Rodrigo Vera 
490 0 |a Prosopopeya 
999 |c 332738  |d 332736 
952 |0 0  |1 0  |4 0  |6 724_600000000000000_GUI_2007  |7 0  |8 A  |9 420635  |a BIBARQ  |b BIBARQ  |d 2019-11-22  |i 451372K  |l 1  |o 724.6 GUI 2007  |p 451372K  |r 2025-01-20  |s 2022-08-09  |w 2019-11-22  |y BK  |k ARQ